| 000 | 00533nam a2200205Ia 4500 | ||
|---|---|---|---|
| 001 | 9480 | ||
| 003 | GE_BSU | ||
| 008 | 181216s||||||||xx |||||||||||||| ||und|| | ||
| 040 | _cGE_BSU | ||
| 080 | _a693.548 | ||
| 100 | _aМикульский,В.Г. Козлов,В.В. | ||
| 245 | _aСклеивание бетона. | ||
| 260 | _aМ. | ||
| 260 | _bСтройиздат. | ||
| 260 | _c1975. | ||
| 300 | _a236 стр. 19 см. | ||
| 300 | _e36 табл. 97 рис. | ||
| 653 | _aСклеивание бетона. | ||
| 942 | _cBK | ||
| 999 |
_c42774 _d42774 |
||